000 01563nam0a2200361 4500
001 RU\NLR\bibl\748133
005 20250630111741.0
010 _a5-7793-0798-9
_93000
021 _aRU
_b2005-88и
_9
035 _a(NLR Aleph) 000737952
090 _a804112
_c804112
100 _a20050413d2004 |||y0rusy50 ca
101 1 _arus
_cund
102 _aRU
105 _aa |||||||||
200 1 _aИскусство витража
_eот истоков к современности
_e[альбом]
_fВирджиния Чиффо Рагин и Мэри Клеркин Хиггинс
_g[пер.: М. Бунеева]
210 _aМосква
_cБелый город
_dcop. 2004
215 _a288 с.
_cил., цв. ил.
_d29
225 1 _aЭнциклопедия мирового искусства
300 _aНа 3-й с. суперобл. авт.: В. Ч. Рагин, проф. истории искусства, М. К. Хиггинс, худож.-реставратор
300 _aНа обл. и суперобл. авт. не указаны
320 _aБиблиогр.: с. 283-286
320 _aИмен. указ.: с. 287
606 1 _aВитражи
_jАльбомы
_xИстория
_92095743
_3RU\NLR\auth\661268030
686 _aЩ143(0)-461.4я61
700 1 _aРагин
_bВ. Ч.
_gВирджиния Чиффо
_4070
701 1 _aХиггинс
_bМ. К.
_gМэри Клеркин
_4070
801 0 _aRU
_bNLR
_c20050413
_grcr
801 1 _aRU
_bNLR
_c20050413
942 _cBOOK
980 _aNB